Figures de style - Statistiques

Statistiques générales
  • Ce quiz a été pris 890 fois
  • Le résultat moyen est 5 sur 15
Statistiques - réponses
Définition Figure de style % Correct
Exagérer un mot pour mettre une idée en relief Hyperbole
83%
Consiste à atténuer un propos afin de ne pas choquer Euphémisme
79%
Atténuation permettant de renforcer l'affirmation Litote
70%
Succession ordonnée de termes. Elle peut être ascendante ou descendante. Gradation
56%
Figure de style consistant à placer deux groupes de mots dans un ordre inversé (architecture en ABBA) Chiasme
53%
Remplacer un nom par un groupe de mots plus long Périphrase
46%
Répétition d'une même structure syntaxique Parallélisme
34%
Remplacer un terme x par un terme y qui entretient avec x un rapport Métonymie
33%
Faire parler un mort, un absent, ou une idée abstraite Prosopopée.
23%
Répétition d'un même mot sous des formes différentes. Polyptote
21%
Feindre de ne pas dire ce qu'en réalité on affirme Prétérition
20%
Absence de coordonnant là ou l'on en attendrait un Asyndète
8%
Répétition en début de phrase, proposition ou vers d'un mot ou groupe de mots présent à la fin de la phrase, proposition ou vers précédent Anadiplose
7%
Utilisation de deux termes possédant le même radical (à ne pas confondre avec le polyptote) Dérivation
2%
Le comparant et le comparé appartiennent à deux sens différents Synesthésie
2%
Aucun quiz correspondant
Distribution des résultats
% des personnes avec chaque résultat
Percentile par nombre de réponses
Votre historique - résultats
Vous n’avez pas pris ce quiz